Southville International School and Colleges
Your cart is empty.
  • Cart
  • Lists
    Public lists Eva Luna New books Lux_list list_1
    Your lists Log in to create your own lists
  • Log in to your account
  • Your cookies
  • Search history
Southville International School and Colleges
  • Advanced search
  • Recent comments
  • Most popular
  • Libraries

Log in to your account

Log in with GOOGLE


If you do not have an external account, but do have a local account, you can still log in:

  1. Home
  2. MARC view: Favorite greek myths /
Normal view MARC view ISBD view

Favorite greek myths / (Record no. 34406)

[ view plain ]
MARC details
000 -LEADER
fixed length control field 00888pam a2200313 a 4500
003 - CONTROL NUMBER IDENTIFIER
control field OSt
005 - DATE AND TIME OF LATEST TRANSACTION
control field 20140310184437.0
008 - FIXED-LENGTH DATA ELEMENTS--GENERAL INFORMATION
fixed length control field 871124s1989 nyua j b 001 0 eng
010 ## - LIBRARY OF CONGRESS CONTROL NUMBER
LC control number 87032332
020 ## - INTERNATIONAL STANDARD BOOK NUMBER
International Standard Book Number 0590413384 :
Terms of availability $14.95
040 ## - CATALOGING SOURCE
Original cataloging agency DLC
Transcribing agency DLC
Modifying agency DLC
042 ## - AUTHENTICATION CODE
Authentication code lcac
043 ## - GEOGRAPHIC AREA CODE
Geographic area code e-gr---
050 00 - LIBRARY OF CONGRESS CALL NUMBER
Classification number BL 782
Item number .Os86 1989
100 1# - MAIN ENTRY--PERSONAL NAME
Personal name Osborne, Mary Pope.
9 (RLIN) 5061
245 10 - TITLE STATEMENT
Title Favorite greek myths /
Statement of responsibility, etc Mary Pope Osborne
260 ## - PUBLICATION, DISTRIBUTION, ETC. (IMPRINT)
Place of publication, distribution, etc New York :
Name of publisher, distributor, etc Scholastic, Inc.,
Date of publication, distribution, etc 1989.
300 ## - PHYSICAL DESCRIPTION
Extent 81 p. :
Other physical details col. ill. ;
Dimensions 29 cm.
521 ## - TARGET AUDIENCE NOTE
Target audience note
526 ## - STUDY PROGRAM INFORMATION NOTE
Reading level 870
650 #0 - SUBJECT ADDED ENTRY--TOPICAL TERM
Topical term or geographic name as entry element Mythology, Greek
General subdivision Juvenile literature.
9 (RLIN) 27264
650 #1 - SUBJECT ADDED ENTRY--TOPICAL TERM
Topical term or geographic name as entry element Mythology, Greek.
9 (RLIN) 5060
700 1# - ADDED ENTRY--PERSONAL NAME
Personal name Howell, Troy,
Relator term ill.
9 (RLIN) 27265
906 ## - LOCAL DATA ELEMENT F, LDF (RLIN)
a 7
b cbc
c orignew
d 1
e ocip
f 19
g y-gencatlg
942 ## - ADDED ENTRY ELEMENTS (KOHA)
Source of classification or shelving scheme Library of Congress Classification
Koha item type
Holdings
Withdrawn status Lost status Source of classification or shelving scheme Damaged status Home library Current library Shelving location Date acquired Total Checkouts Total Renewals Full call number Barcode Date last seen Date checked out Copy number Price effective from Koha item type
    Library of Congress Classification   Luxembourg Library Luxembourg Library Scholastic Reading Center Section 10/10/2013 1 13 BL 782 .Os86 1989 LEX2700 04/12/2018 02/22/2018 1 10/10/2013 Books
    Library of Congress Classification   Luxembourg Library Luxembourg Library Scholastic Reading Center Section 10/22/2013     BL 782 .Os86 1989 SCHO0251 04/18/2017   2 10/22/2013 Books

Favorite greek myths /

APA

Osborne M. P., Howell T., . (1989). Favorite greek myths. New York: Scholastic, Inc.

Chicago

Osborne Mary Pope, Howell Troy, . 1989. Favorite greek myths. New York: Scholastic, Inc.

Harvard

Osborne M. P., Howell T., . (1989). Favorite greek myths. New York: Scholastic, Inc.

MLA

Osborne Mary Pope, Howell Troy, . Favorite greek myths. New York: Scholastic, Inc. 1989.

  • Place hold
  • Print
  • Cite
  • Add to your cart (remove)
  • Save record
    BIBTEX Dublin Core MARCXML MARC (non-Unicode/MARC-8) MARC (Unicode/UTF-8) MARC (Unicode/UTF-8, Standard) MODS (XML) RIS
  • More searches
    Search for this title in:
    Other Libraries (WorldCat) Other Databases (Google Scholar) Online Stores (Bookfinder.com) Open Library (openlibrary.org)

Exporting to Dublin Core...

SOUTHVILLE LIBRARY

Southville International School and Colleges Library

1281 Tropical Ave. Cor. Luxembourg St., BF Homes International, Las Pinas City

Tel. No. 8256374 / 252358 Loc. 117/146

Powered by Koha